Resolución por incumplimiento: su procedencia y efectos
Guardat en:
| Autor principal: | |
|---|---|
| Format: | Llibre |
| Idioma: | espanyol |
| Publicat: |
Santiago, Chile.
DER Ediciones Limitada,
2018
|
| Edició: | Primera edición. |
| Col·lecció: | Cuadernos Jurídicos de la Academia Judicial
|
| Matèries: | |
| Etiquetes: |
Afegir etiqueta
Sense etiquetes, Sigues el primer a etiquetar aquest registre!
|
MARC
| LEADER | 00000cam a2200000 a 4500 | ||
|---|---|---|---|
| 001 | UCC6273 | ||
| 003 | CL-VaPUC | ||
| 005 | 20240813123128.0 | ||
| 008 | 181130e20180000cl |||||||||||||||||spa|d | ||
| 999 | |c 373257 |d 373255 | ||
| 020 | |a 9789569959394 | ||
| 040 | |c Pontificia Universidad Católica de Valparaíso | ||
| 082 | 0 | 4 | |a 346.022 MEJ 2018 |2 21 |
| 100 | |a Mejías Alonzo, Claudia Carolina |e autora |9 868770 | ||
| 245 | 1 | 0 | |a Resolución por incumplimiento: su procedencia y efectos |
| 250 | |a Primera edición. | ||
| 260 | |a Santiago, Chile. |b DER Ediciones Limitada, |c 2018 | ||
| 300 | |a 132 páginas | ||
| 490 | 0 | |a Cuadernos Jurídicos de la Academia Judicial | |
| 500 | |a c.3 Donación Sra. María Graciela Brantt Zumarán (Decana) - Memo Nº004 / DER 02/11/2021 | ||
| 583 | |a last modification |c 20181130 13:53:00 |k Rodrigo Vera | ||
| 650 | 0 | |a Código civil |9 256135 | |
| 650 | 0 | |a Incumplimiento |9 430715 | |
| 650 | 0 | |a Contratos |9 255153 | |
| 942 | |c BK |2 ddc | ||
| 945 | |d 20181130 13:53:00 |a dcastane | ||
| 952 | |0 0 |1 0 |2 ddc |3 erb |4 0 |6 346_022000000000000_MEJ_2018 |7 1 |8 C_LRYV |9 491323 |a BIBDER |b BIBDER |i 5519284 |o 346.022 MEJ 2018 |p 5519284 |r 2023-01-25 |w 2019-11-24 |y BK_X |z Catalogado en:20181130 |k BRV | ||
| 952 | |0 0 |1 0 |3 erb |4 0 |6 346_022000000000000_MEJ_2018 |7 0 |8 A |9 491324 |a BIBDER |b BIBDER |i 551925K |l 4 |m 1 |o 346.022 MEJ 2018 |p 551925K |r 2024-07-22 |s 2024-07-22 |w 2019-11-24 |y BK |z Catalogado en:20181130 |k DER | ||
| 952 | |0 0 |1 0 |2 ddc |4 0 |6 346_022000000000000_MEJ_2018 |7 0 |8 A |9 579371 |a BIBDER |b BIBDER |d 2021-11-23 |e Donación |i 5627273 |l 5 |m 1 |o 346.022 MEJ 2018 |p 5627273 |r 2024-11-04 |s 2024-11-04 |t 3 |w 2021-11-23 |y BK |k DER | ||